Super genes : (Record no. 5440)

MARC details
000 -LEADER
fixed length control field 02374cam a2200277 i 4500
005 - DATE AND TIME OF LATEST TRANSACTION
control field 20260112063331.0
010 ## - LIBRARY OF CONGRESS CONTROL NUMBER
LC control number 2015-028562
020 ## - INTERNATIONAL STANDARD BOOK NUMBER
International Standard Book Number 9781846045035
039 ## - LEVEL OF BIBLIOGRAPHIC CONTROL AND CODING DETAIL [OBSOLETE]
Level of rules in bibliographic description 202504241713
Level of effort used to assign nonsubject heading access points staff
Level of effort used to assign subject headings 202501241307
Level of effort used to assign classification staff
Level of effort used to assign subject headings 202407081434
Level of effort used to assign classification staff
Level of effort used to assign subject headings 202407081426
Level of effort used to assign classification staff
-- 202407081253
-- staff
082 ## - DEWEY DECIMAL CLASSIFICATION NUMBER
Classification number 613
Item number CHO [Shelf- 3 ]
100 ## - MAIN ENTRY--PERSONAL NAME
Personal name Chopra, Deepak
245 ## - TITLE STATEMENT
Title Super genes :
Remainder of title The hidden key to total well-being /
Statement of responsibility, etc. Deepak Chopra, M.D. & Rudolph E. Tanzi
264 ## - PRODUCTION, PUBLICATION, DISTRIBUTION, MANUFACTURE, AND COPYRIGHT NOTICE
Place of production, publication, distribution, manufacture London :
Name of producer, publisher, distributor, manufacturer Random House,
Date of production, publication, distribution, manufacture, or copyright notice 2015
300 ## - PHYSICAL DESCRIPTION
Extent x, 325 pages :
Other physical details illustrations ;
Dimensions 25 cm
500 ## - GENERAL NOTE
General note Includes index.
520 ## - SUMMARY, ETC.
Summary, etc. "The authors of the New York Times bestseller Super Brain present a bold new understanding of our genes and how simple changes in lifestyle can boost genetic activity. The leap into "radical well-being" is a promise waiting to be fulfilled. "You are not simply the sum total of the genes you were born with," writes Deepak Chopra and Rudy Tanzi. "You are the user and controller of your genes, the author of your biological story. No prospect in self-care is more exciting." Learning how to shape your gene activity is at the heart of this exciting and eagerly-anticipated book from the bestselling duo behind Super Brain, which became a nationwide hit on public television. For decades medical science has believed that genes determined our biological destiny. Now the new genetics has changed that assumption forever. You will always have the genes you were born with, but genes are dynamic, responding to everything we think, say, and do. Suddenly they've become our strongest allies for personal transformation. When you make lifestyle choices that optimize how your genes behave, you can reach for a state of health and fulfillment undreamed of even a decade ago. The impact on prevention, immunity, diet, aging, and chronic disorders is unparalleled"--
Assigning source Provided by publisher.
650 ## - SUBJECT ADDED ENTRY--TOPICAL TERM
Topical term or geographic name entry element Self-care, Health
Form subdivision Popular works.
650 ## - SUBJECT ADDED ENTRY--TOPICAL TERM
Topical term or geographic name entry element Genes
Form subdivision Popular works.
650 ## - SUBJECT ADDED ENTRY--TOPICAL TERM
Topical term or geographic name entry element HEALTH & FITNESS / Healthy Living.
Source of heading or term bisacsh
650 ## - SUBJECT ADDED ENTRY--TOPICAL TERM
Topical term or geographic name entry element SCIENCE / Life Sciences / Genetics & Genomics.
Source of heading or term bisacsh
650 ## - SUBJECT ADDED ENTRY--TOPICAL TERM
Topical term or geographic name entry element HEALTH & FITNESS / Alternative Therapies.
Source of heading or term bisacsh
700 ## - ADDED ENTRY--PERSONAL NAME
Personal name Tanzi, Rudolph E.,
Relator term author.
991 ## -
-- VIRTUA
991 ## -
-- VTLSSORT0080*0100*0200*0820*1000*2450*2640*3000*5000*5200*6500*6501*6502*6503*6504*7000*9992
909 ## -
-- 6030
Holdings
Withdrawn status Lost status Damaged status Not for loan Home library Current library Date acquired Total checkouts Full call number Barcode Copy number Koha item type
        Indian Institute Of Management, Shillong Indian Institute Of Management, Shillong 08/07/2024   613 CHO [Shelf- 3 ] 0015981   Reference
        Indian Institute Of Management, Shillong Indian Institute Of Management, Shillong 08/07/2024   613 CHO [Shelf- 3 ] 0015982 1 Book
Copyright © 2026 Indian Institute of Management Shillong. All Rights Reserved.